Tres tristes tigres /

Enregistré dans:
Détails bibliographiques
Auteur principal: Cabrera Infante, Guillermo (autor)
Format: Livre
Langue:espagnol
Publié: Barcelona, España : Seix Barral, 1973
Édition:2a edición
Collection:(Biblioteca Breve de Bolsillo. Libros de Enlace ; 71)
Sujets:
Tags: Ajouter un tag
Pas de tags, Soyez le premier à ajouter un tag!

MARC

LEADER 00000nam^a2200000^a^4500
001 000002658
005 20250521000000.0
009 20260310083157.166
020 |a 84-322-2671-8 
037 |a Acervo ITESO - Biblioteca 
041 |a ESP 
082 |a 863.  |b CAB 
100 |a Cabrera Infante, Guillermo  |e (autor) 
240 1 1 |a [Tres tristes tigres] 
245 1 0 |a Tres tristes tigres /  |c G. Cabrera Infante. 
250 |a 2a edición 
264 1 |a Barcelona, España :  |b Seix Barral,  |c 1973 
300 |a 451 p. 
336 |a texto  |b txt  |2 rdacontenido 
337 |a sin mediación  |b n  |2 rdamedio 
338 |a volumen  |b nc  |2 rdasoporte 
440 1 |a (Biblioteca Breve de Bolsillo.  |p Libros de Enlace ;  |v 71) 
530 |a Existe una edición en formato digital en línea con el mismo título 
545 0 |a Guillermo Cabrera Infante (Gibara, 1929 - Londres, 2005), escritor cubano que apoyó inicialmente a la revolución, aunque ya para 1961 tenía problemas con ella por cuestiones de censura; sin embargo, de 1962 a 1965 se desempeñó como agregado cultural en la embajada en Bélgica, hasta que en una visita a la isla fue detenido durante varios meses, partiendo después al exilio definitivo. Paradójicamente su alejamiento físico del país en lugar de volverle lejana a Cuba la convirtió en un eje central de su obra literaria. Ganador del Premio Cervantes en 1997. Autor de: La Habana para un infante difunto; Tres tristes tigres; Arcadia todas las noches; Vista del amanecer en el trópico; Así en la paz como en la guerra; Ella cantaba boleros; Delito por bailar el chachachá; Mi música extremada; El libro de las ciudades; Cine o sardina; Un oficio del siglo XX, entre otros títulos. 
586 |a Premio Biblioteca Breve 1964 
586 |a Premio Miguel de Cervantes 1997 
649 |a XX 
650 |a Novela Cubana 
650 |a Literatura Cubana -  |y Siglo XX 
650 |a Vida Nocturna -  |z La Habana, Cuba 
650 |a La Habana, Cuba en la Literatura 
910 |a Fondo General 
920 |a Impresos - Libros 
930 |a Colección General 
940 |a Literatura 
905 |a 101 
901 |a 0026580100  |b IT1  |c LIT  |i 002658  |u 20250521 
902 |a https://opac.biblio.iteso.mx/vufind/Record/000002658